Länder, die an Gebirge grenzen - Statistiken

Allgemein
  • Dieses Quiz wurde 170 mal gespielt
  • Das Durchschnittsergebnis liegt bei 29 aus 36
Antwortstatistiken
Frage Kachel Select % Korrekt
an den Kaukasus grenzen Oman Nein
97%
an den Kaukasus grenzen Zypern Nein
97%
an den Himalaya grenzen D.R. Kongo Nein
93%
an den Himalaya grenzen Gabun Nein
93%
an den Himalaya grenzen Ghana Nein
93%
an den Himalaya grenzen Kolumbien Nein
93%
an den Himalaya grenzen Tansania Nein
93%
an den Himalaya grenzen Nepal Ja
92%
an den Alpen grenzen Iran Nein
91%
an den Alpen grenzen Portugal Nein
91%
an den Alpen grenzen Bosnien und Herzegowina Nein
90%
an den Alpen grenzen Frankreich Ja
90%
an den Alpen grenzen Deutschland Ja
89%
an den Kaukasus grenzen Georgien Ja
89%
an den Himalaya grenzen Indien Ja
89%
an den Anden grenzen USA Nein
89%
an den Anden grenzen Chile Ja
88%
an den Alpen grenzen Spanien Nein
88%
an den Himalaya grenzen Kambodscha Nein
87%
an den Anden grenzen Suriname Nein
87%
an den Kaukasus grenzen Aserbaidschan Ja
85%
an den Kaukasus grenzen Armenien Ja
83%
an den Kaukasus grenzen Irak Nein
83%
an den Anden grenzen Argentinien Ja
82%
an den Alpen grenzen Slowakei Nein
81%
an den Alpen grenzen Kroatien Nein
79%
an den Kaukasus grenzen Ukraine Nein
79%
an den Alpen grenzen Slowenien Ja
76%
an den Anden grenzen Ecuador Ja
74%
an den Kaukasus grenzen Turkmenistan Nein
69%
an den Anden grenzen Brasilien Nein
60%
an den Kaukasus grenzen Kasachstan Nein
57%
an den Anden grenzen Kolumbien Ja
54%
an den Anden grenzen Paraguay Nein
54%
an den Himalaya grenzen Bhutan Ja
50%
an den Anden grenzen Venezuela Ja
27%
Keine übereinstimmenden Quizze gefunden
Verteilung der Resultate
Anzahl Personen mit jedem Resultat
Perzentil nach korrekt beantworteten Fragen
Ihre Resultats-Entwicklung
Sie haben dieses Quiz noch nicht gespielt